000 01366nam a22002417a 4500
999 _c21219
_d21219
003 AR-CdUCM
008 190307b ||||| |||| 00| 0 spa d
040 _aMUNICIPALIDAD PROVINCIAL DEL CUSCO
_cBIBLIOTECA MUNICIPAL DEL CUSCO
082 _a338.985 / P26A
_bP26A
100 _aParra Argandoña, Hamilton
_944306
245 _aAnálisis sociocultural del territorio en el Alto Amazonas Loreto /
260 _aCusco :
_bGustavo Impresores,
_c2018.
300 _a109 páginas ;
_c20 cm.
505 _aContenido: El fenómeno de la globalización está propiciando la pérdida y debilitamiento cultural -- Insuficiente cobertura de los servicios básicos de agua, desagüe y electricidad limita el acceso de la población al servicio -- Insuficiente cobertura de la atención en Salud genera limitaciones en la calidad de vida de la población -- Deficiente prestación de los servicios educativos limita el aprovechamiento del capital humano en la provincial de Alto Amazonas ...
650 _aGobiernos regionales - Administración - Economía
_912705
650 _aAdministración pública - Perú
_912706
650 _aProyectos de desarrollo económico
_98359
650 _aEstudio de casos - Cusco - Proyectos de desarrollo económico
_912707
650 _aDesarrollo Urbano
_914520
650 _aAmazonía
_93433
942 _2ddc
_cLIBROS
945 _aRoel